00393cam a2200145 4500020001500000020002100015040000800036082002600044100001900070245002600089250001400115260003700129300002200166500005900188 a0834800748 a083480087x (v.2) cDLC00a895 WEA 1972 A093 Or.1 aIkeda, Daisaku14aThe human revolution. a[1st ed.] aNew York :bWeatherhill,c[1972- av.billus.c22 cm a"Condensed English translation of ... Ningen kakumei."